В семье великой. Т. 1: [В.И. Ленин (Запись № 5926987)

Подробности
000 -МАРКЕР
контрольное поле 02626nam2a22003851 4500
001 - ИДЕНТИФИКАТОР ЗАПИСИ
контрольное поле rc\3517763
005 - ИДЕНТИФИКАТОР ВЕРСИИ
контрольное поле 20260406142544.0
035 ## - ДРУГИЕ СИСТЕМНЫЕ НОМЕРА
Идентификатор записи (NLR Aleph) 007621659
100 ## - ДАННЫЕ ОБЩЕЙ ОБРАБОТКИ
Данные общей обработки 20130115d1972 |||y0rusy50 ca
101 0# - ЯЗЫК РЕСУРСА
Язык текста, звукозаписи и т.д. русский
102 ## - СТРАНА ПУБЛИКАЦИИ ИЛИ ПРОИЗВОДСТВА
Страна публикации российская федерация
105 ## - ПОЛЕ КОДИРОВАННЫХ ДАННЫХ: ТЕКСТОВЫЕ МАТЕРИАЛЫ, МОНОГРАФИЧЕСКИЕ
Кодированные данные о монографическом текстовом документе y z |||||
200 1# - ЗАГЛАВИЕ И СВЕДЕНИЯ ОБ ОТВЕТСТВЕННОСТИ
Основное заглавие [В.И. Ленин
210 ## - ПУБЛИКАЦИЯ, РАСПРОСТРАНЕНИЕ И ДР.
Место издания, распространения и т.д. Москва
Имя издателя, распространителя и т. д. Худож. лит.
Дата издания, распространения и т.д. 1972
215 ## - ФИЗИЧЕСКАЯ ХАРАКТЕРИСТИКА
Специфическое обозначение материала и объем 567 с.
423 #0 - ИЗДАЕТСЯ В ОДНОЙ ОБЛОЖКЕ ВМЕСТЕ С ...
Встроенное поле 1010#$arus
-- 2001#$aЛитера "Т"
-- 53213$aЛитера Т
-- 700#1$aИванов$bВ.
Заглавие Литера "Т"
Автор Иванов, В.
423 #0 - ИЗДАЕТСЯ В ОДНОЙ ОБЛОЖКЕ ВМЕСТЕ С ...
Встроенное поле 1010#$arus
-- 2001#$aПисьмо в вечность
-- 700#1$aЯновский$bЮ.
Заглавие Письмо в вечность
Автор Яновский, Ю.
423 #0 - ИЗДАЕТСЯ В ОДНОЙ ОБЛОЖКЕ ВМЕСТЕ С ...
Встроенное поле 1010#$arus
-- 2001#$aПрозрение слепых
-- 700#1$aКаххар$bА.
Заглавие Прозрение слепых
Автор Каххар, А.
423 #0 - ИЗДАЕТСЯ В ОДНОЙ ОБЛОЖКЕ ВМЕСТЕ С ...
Встроенное поле 1010#$arus
-- 2001#$aДоктор Абрамович
-- 700#1$aБергельсон$bД.
Заглавие Доктор Абрамович
Автор Бергельсон, Д.
423 #0 - ИЗДАЕТСЯ В ОДНОЙ ОБЛОЖКЕ ВМЕСТЕ С ...
Встроенное поле 1010#$arus
-- 2001#$aМеседо
-- 700#1$aФатуев$bР.
Заглавие Меседо
Автор Фатуев, Р.
423 #0 - ИЗДАЕТСЯ В ОДНОЙ ОБЛОЖКЕ ВМЕСТЕ С ...
Встроенное поле 1010#$arus
-- 2001#$aОсвобожденные
-- 700#1$aУпит$bА. М.$gАндрей Мартынович$f1877-1970$3RU\NLR\AUTH\770227040
Заглавие Освобожденные
Автор Упит, Андрей Мартынович (1877-1970)
423 #0 - ИЗДАЕТСЯ В ОДНОЙ ОБЛОЖКЕ ВМЕСТЕ С ...
Встроенное поле 1010#$arus
-- 2001#$aПилипко
-- 700#1$aГоловко$bА.
Заглавие Пилипко
Автор Головко, А.
423 #0 - ИЗДАЕТСЯ В ОДНОЙ ОБЛОЖКЕ ВМЕСТЕ С ...
Встроенное поле 1010#$arus
-- 2001#$aСергей Коряга
-- 700#1$aКолас$bЯ.
Заглавие Сергей Коряга
Автор Колас, Я.
423 #0 - ИЗДАЕТСЯ В ОДНОЙ ОБЛОЖКЕ ВМЕСТЕ С ...
Встроенное поле 1010#$arus
-- 2001#$aНочлег в деревне Синеги
-- 700#1$aЧорный$bК.
Заглавие Ночлег в деревне Синеги
Автор Чорный, К.
461 #0 - УРОВЕНЬ НАБОРА
Встроенное поле 001rc\3517762
-- 2001#$aВ семье великой$eРассказы сов. писателей$eВ 2 т.$f[Сост. и вступ. статья, с. 5-29, И.Н. Крамова]. Т. 1-2$vТ. 1
Системный номер (АБИС) связанной записи 5926981
Место публикации Москва
Дата публикации 1972
Первые сведения об ответственности [Сост. и вступ. статья, с. 5-29, И.Н. Крамова]. Т. 1-2
Имя издателя, распространителя и т.д. Худож. лит.
Сведения, относящиеся к заглавию Рассказы сов. писателей : В 2 т.
Физическая характеристика 2 т.
Заглавие В семье великой
Номер тома Т. 1
532 10 - РАСШИРЕННОЕ ЗАГЛАВИЕ
Заглавие Владимир Ильич Ленин
700 #1 - ИМЯ ЛИЦА - ПЕРВИЧНАЯ ОТВЕТСТВЕННОСТЬ
Материалы, к которым относится поле rus
Графика поля Кириллица
Начальный элемент ввода Горький
Часть имени, кроме начального элемента ввода М.
Даты 1868-1936
Расширение инициалов личного имени Максим
Идентификатор авторитетной/нормативной записи RU\NLR\AUTH\77104
Системный номер авторитетной/нормативной записи 110200
702 #1 - ИМЯ ЛИЦА - ВТОРИЧНАЯ ОТВЕТСТВЕННОСТЬ
Код отношения Прочие
Материалы, к которым относится поле rus
Графика поля Кириллица
Начальный элемент ввода Ленин
Часть имени, кроме начального элемента ввода В. И.
Даты 1870-1924
Расширение инициалов личного имени Владимир Ильич
Идентификатор авторитетной/нормативной записи RU\NLR\AUTH\773584
Системный номер авторитетной/нормативной записи 113579
801 #0 - ИСТОЧНИК ЗАПИСИ
Страна российская федерация
Организация NLR
Правила каталогизации psbo
801 #1 - ИСТОЧНИК ЗАПИСИ
Страна российская федерация
Организация ELAR
Источник данных rusmarc
852 ## - МЕСТОНАХОЖДЕНИЕ И ШИФР ХРАНЕНИЯ
Идентификатор организации NLR
Шифр хранения (Call Number) 72-3/7728
942 ## - ДОПОЛНИТЕЛЬНЫЕ ЭЛЕМЕНТЫ ЗАПИСИ (АБИС)
Тип экземпляра АБИС Книга
980 ## - КОЛЛЕКЦИЯ
Название коллекции Национальная библиография
Экземпляры
Тип экземпляра Дата поступления Библиотека постоянного хранения Библиотека текущего хранения Место хранения Шифр хранения Штрих-код Статус не для выдачи
Книга 26.10.2013 РНБ (Московский) РНБ (Московский) Русский книжный фонд: издания с 1957 года, 9этаж, Хран. 72-3/7728 1-423584